00385nam a2200145Ia 4500003000400000005001700004008004100021020001800062040000900080082001700089100001900106245006700125260003800192300000900230OSt20200611095524.0190216s9999||||xx |||||||||||||| ||und|| a9781851682478 coclc a291.5bRUN/E aRunzo, Joseph  0aEthics In The World Religions /cJoseph Runzo ; Nancy M Martin bOneworld Oxford,c2007.aEngland: a381p